000 00576nam a22001697a 4500
008 160513b xxu||||| |||| 00| 0 eng d
020 _a1423444138
040 _aKABU
_cKABU
050 _aM58
_b.M46O57 1993 c. 1
245 _aDisney movie favorites
_b9 Hits arranged for recorder solo or duet
_cby Alan Menken...[et al.]
260 _aAustralia
_bHal Leonard corporation
_c1993
300 _a39 p.
650 _aCello music, arranged
650 _aMotion picture music
_xExcerpts, arranged
700 _aMenken, Alan...[et al.]
942 _2lcc
_cBK
_hM58 .M46O57
999 _c15956
_d15956